Online
Catalog

Materiales para la crítica de la filosofía del estado / (Record no. 13079)

MARC details
000 -CABECERA
campo de control de longitud fija 00905cam a2200277 a 4500
001 - NÚMERO DE CONTROL
campo de control 000013453
005 - FECHA Y HORA DE LA ÚLTIMA TRANSACCIÓN
campo de control 20260330121013.0
008 - DATOS DE LONGITUD FIJA--INFORMACIÓN GENERAL
campo de control de longitud fija 760805s1976 sp b 001 0 spa
015 ## - NÚMERO DE BIBLIOGRAFÍA NACIONAL
Número de bibliografía nacional Sp***
020 ## - NÚMERO INTERNACIONAL ESTÁNDAR DEL LIBRO
Número Internacional Estándar del Libro 8424403886
040 ## - FUENTE DE LA CATALOGACIÓN
Centro catalogador/agencia de origen DO-SdBNP
Lengua de catalogación spa
Centro/agencia transcriptor DLC
Centro/agencia modificador BNPHU
082 ## - NÚMERO DE LA CLASIFICACIÓN DECIMAL DEWEY
Número de clasificación 340.11
Número de documento/Ítem C238m
049 ## - FONDOS LOCALES (OCLC)
Fondos de biblioteca BNGR
100 1# - ENTRADA PRINCIPAL--NOMBRE DE PERSONA
Nombre de persona Capella, Juan Ramón,
Fechas asociadas al nombre 1939-
9 (RLIN) 30724
245 10 - MENCIÓN DE TÍTULO
Título Materiales para la crítica de la filosofía del estado /
Mención de responsabilidad, etc. Juan Ramón Capella.
260 ## - PUBLICACIÓN, DISTRIBUCIÓN, ETC.
Lugar de publicación, distribución, etc. Barcelona, (España) :
Nombre del editor, distribuidor, etc. Editorial Fontanella,
Fecha de publicación, distribución, etc. 1976.
300 ## - DESCRIPCIÓN FÍSICA
Extensión 210 p. ;
Dimensiones 21 cm.
490 1# - MENCIÓN DE SERIE
Mención de serie Filosofía ;
Designación de volumen o secuencia 7
490 1# - MENCIÓN DE SERIE
Mención de serie Libros de confrontación
504 ## - NOTA DE BIBLIOGRAFÍA, ETC.
Nota de bibliografía, etc. Incluye referencias bibliográficas.
650 #4 - PUNTO DE ACCESO ADICIONAL DE MATERIA--TÉRMINO DE MATERIA
Término de materia o nombre geográfico como elemento de entrada Filosofía del estado
9 (RLIN) 30725
650 #0 - PUNTO DE ACCESO ADICIONAL DE MATERIA--TÉRMINO DE MATERIA
Término de materia o nombre geográfico como elemento de entrada Estado de derecho
9 (RLIN) 10179
830 #0 - PUNTO DE ACCESO ADICIONAL DE SERIE-TÍTULO UNIFORME
Título uniforme Libros de confrontación
9 (RLIN) 30726
830 #0 - PUNTO DE ACCESO ADICIONAL DE SERIE-TÍTULO UNIFORME
Título uniforme Filosofía ;
Designación de volumen o secuencia 7
9 (RLIN) 2459
910 ## - DATOS DE OPCIÓN DEL USUARIO (OCLC)
Datos de opción del usuario Catalogación por copia/LC
999 ## - NÚMEROS DE CONTROL DE SISTEMA (KOHA)
-- 0000163
Holdings
Estado de retiro Estado de pérdida Restricciones de uso No para préstamo Código de colección Localización permanente Ubicación/localización actual Ubicación en estantería Fecha de adquisición Número de inventario Total de préstamos Signatura topográfica completa Código de barras Fecha visto por última vez Precio válido a partir de Tipo de ítem Koha
    Préstamo interno   Monografías: Libros y Folletos General General En catalogación 24.11.2009 LF1   340.11 C238m 13453-10 25.06.2020 25.06.2020 Préstamo interno

Powered by Koha